The Oxford companion to English literature / (Record no. 9766)
[ view plain ]
| 000 -LEADER | |
|---|---|
| fixed length control field | 01035nam a2200301 i 4500 |
| 003 - CONTROL NUMBER IDENTIFIER | |
| JCCL marc code | BD - JhCC |
| 005 - DATE AND TIME OF LATEST TRANSACTION | |
| control field | 20180328170103.0 |
| 008 - FIXED-LENGTH DATA ELEMENTS--GENERAL INFORMATION | |
| fixed length control field | 180327r19731967enk 000 0 eng d |
| 020 ## - INTERNATIONAL STANDARD BOOK NUMBER | |
| International Standard Book Number | 0198661061 |
| 035 ## - SYSTEM CONTROL NUMBER | |
| system control number | OCLC ocm01007348 from D951013M |
| -- | BD - JhCC |
| 040 ## - CATALOGING SOURCE | |
| Original cataloging agency | CPL |
| Description conventions | rda |
| Transcribing agency | CPL |
| Modifying agency | EQO |
| -- | BD - JhCC |
| 041 ## - LANGUAGE CODE | |
| Language code of Book | eng |
| 082 ## - DEWEY DECIMAL CLASSIFICATION NUMBER | |
| Classification number | 820/.3 |
| Author mark and Year | HAR 1973 |
| 090 ## - LOCALLY ASSIGNED LC-TYPE CALL NUMBER (OCLC); LOCAL CALL NUMBER (OCLC) | |
| Classification number (OCLC) (R) ; Classification number, CALL (RLIN) (NR) | PR19 |
| Local cutter number (OCLC) ; Book number/undivided call number, CALL (RLIN) | .H3 1973x |
| 100 1# - MAIN ENTRY--PERSONAL NAME | |
| Personal name | Harvey, Paul, |
| Titles and other words associated with a name | Sir, |
| Dates associated with a name | 1869-1948, |
| 245 14 - TITLE STATEMENT | |
| Title | The Oxford companion to English literature / |
| Statement of responsibility, etc | compiled and edited by Sir Paul Harvey. |
| 250 ## - EDITION STATEMENT | |
| Edition statement | Fourth edition / |
| 260 ## - PUBLICATION, DISTRIBUTION, ETC. (IMPRINT) | |
| Place of publication, distribution, etc | Britain : |
| Name of publisher, distributor, etc | Oxford University Press, |
| Date of publication, distribution, etc | 1973. |
| 300 ## - PHYSICAL DESCRIPTION | |
| Pagination | x, 961 pages ; |
| Dimensions | 25 cm |
| 500 ## - GENERAL NOTE | |
| General note | This edition first published 1967, reprinted with corrections 1973. |
| 650 #0 - SUBJECT ADDED ENTRY--TOPICAL TERM | |
| Topical term or geographic name as entry element | English literature |
| Form subdivision | Dictionaries. |
| 650 #0 - SUBJECT ADDED ENTRY--TOPICAL TERM | |
| Topical term or geographic name as entry element | English literature |
| Form subdivision | Bio-bibliography. |
| 650 #0 - SUBJECT ADDED ENTRY--TOPICAL TERM | |
| Topical term or geographic name as entry element | American literature |
| Form subdivision | Dictionaries. |
| 650 #0 - SUBJECT ADDED ENTRY--TOPICAL TERM | |
| Topical term or geographic name as entry element | American literature |
| Form subdivision | Bio-bibliography. |
| 700 1# - ADDED ENTRY--PERSONAL NAME | |
| Personal name | Eagle, Dorothy, |
| 942 ## - ADDED ENTRY ELEMENTS (KOHA) | |
| Source of classification or shelving scheme | Dewey Decimal Classification |
| Koha item type | Reference |
| Source of classification or shelving scheme | Damaged status | Not for loan | Home library | Current library | Shelving location | Date of accession | Total Checkouts | Full call number | Barcode | Date last seen | Copy number | Koha item type |
|---|---|---|---|---|---|---|---|---|---|---|---|---|
| Dewey Decimal Classification | JCC Rouf Library | JCC Rouf Library | General Stacks | 03/27/2018 | 820/.3 HAR 1973 | 13147 | 03/27/2018 | C-1 | Reference |